Sinh thái môi trường ứng dụng
Một số vấn đề về sinh thái môi trường. ảnh hưởng của chiến tranh đến hệ sinh thái môi trường, phú dưỡng hoá, ô nhiễm môi trường vì hoá chất bảo vệ thực vật v.v...
Gespeichert in:
| 1. Verfasser: | |
|---|---|
| Weitere Verfasser: | |
| Format: | Buch |
| Sprache: | Vietnamese |
| Veröffentlicht: |
H.
Khoa học và Kỹ thuật
2000
|
| Schlagworte: | |
| Tags: |
Tag hinzufügen
Keine Tags, Fügen Sie den ersten Tag hinzu!
|
| Thư viện lưu trữ: | Mạng thư viện Đại học Đà Nẵng |
|---|
| LEADER | 01364nam a2200349 4500 | ||
|---|---|---|---|
| 001 | 000009292 | ||
| 003 | 5488 | ||
| 005 | 20111026081057.0 | ||
| 008 | 111026s2000 viesd | ||
| 041 | 0 | |a vie | |
| 082 | |a 577.5 |b LÊ-B | ||
| 100 | 0 | |a Lê Huy Bá | |
| 240 | |a Applied environmental ecology | ||
| 245 | 0 | |a Sinh thái môi trường ứng dụng |c Lê Huy Bá, Lâm Minh Triết | |
| 260 | |a H. |b Khoa học và Kỹ thuật |c 2000 | ||
| 300 | |a 639tr. |b Bảng, hình vẽ |c 24cm | ||
| 504 | |a Thư mục: tr. 631-639 | ||
| 520 | |a Một số vấn đề về sinh thái môi trường. ảnh hưởng của chiến tranh đến hệ sinh thái môi trường, phú dưỡng hoá, ô nhiễm môi trường vì hoá chất bảo vệ thực vật v.v... | ||
| 653 | |a Sinh thái | ||
| 653 | |a Môi trường | ||
| 653 | |a Ô nhiễm môi trường | ||
| 700 | |a Lâm Minh Triết |e Tác giả | ||
| OWN | |a LSP | ||
| AVA | |a UDN50 |b LSP |d 577.5 LÊ-B |e available |t Error 5001 Not defined in file expand_doc_bib_avail. |f 1 |g 0 |h N |i 0 |k 1 | ||
| 999 | |a From the UDN01 | ||
| AVA | |a UDN50 |b LSP |d 577.5 LÊ-B |e available |t Error 5001 Not defined in file expand_doc_bib_avail. |f 1 |g 0 |h N |i 0 |k 1 | ||
| TYP | |a Monograph | ||
| TYP | |a Printed language | ||
| 980 | |a Mạng thư viện Đại học Đà Nẵng | ||